Similar Countries #1 - Statistics

General Stats
  • This quiz has been taken 22 times
  • The average score is 20 of 25
Answer Stats
Similarity (%) Answer % Correct
69.0 Bangladesh
100%
81.1 Belarus
100%
68.3 Pakistan
100%
58.8 South Korea
100%
68.1 South Korea
100%
69.0 Taiwan
100%
68.4 Taiwan
100%
69.7 United Kingdom
100%
79.2 Canada
95%
71.6 Nepal
95%
77.7 Ukraine
95%
69.3 Sri Lanka
89%
71.8 Australia
84%
58.5 China
84%
58.5 Japan
84%
70.8 Kazakhstan
84%
61.8 North Korea
84%
70.5 New Zealand
79%
65.4 Vietnam
79%
56.6 Singapore
74%
67.3 Ireland
63%
70.1 Latvia
47%
54.6 Italy
26%
58.5 Mauritius
21%
70.1 Serbia
21%
No matching quizzes found
Score Distribution
Percent of People with Each Score
Percentile by Number Answered
Your Score History
You have not taken this quiz